Pays consommant le plus de poulet - Statistiques

Statistiques générales
  • Ce quiz a été pris 529 fois
  • Le résultat moyen est 7 sur 10
Statistiques - réponses
Consommation (1000 tonnes) Pays % Correct
15 000 000 Etats-Unis
97%
21 555 Chine
93%
3 594 Inde
83%
2 818 Japon
80%
4 491 Russie
79%
10 287 Brésil
74%
4 632 Mexique
71%
2 222 Royaume Uni
52%
3 744 Indonésie
51%
2 183 Iran
23%
Aucun quiz correspondant
Distribution des résultats
% des personnes avec chaque résultat
Percentile par nombre de réponses
Votre historique - résultats
Vous n’avez pas pris ce quiz